Sociálne zabezpečenie (aplikačné praktikum)
Saved in:
| Main Author: | |
|---|---|
| Corporate Author: | |
| Other Authors: | , , |
| Format: | Book |
| Language: | Slovak |
| Published: |
Bratislava
Vydavateľstvo EKONÓM
2008
|
| Subjects: | |
| Tags: |
No Tags, Be the first to tag this record!
|
MARC
| LEADER | 00000nam$a2200000$$$4500 | ||
|---|---|---|---|
| 001 | 0072046 | ||
| 005 | 20240502071844.2 | ||
| 020 | |a 978-80-225-2499-5 | ||
| 041 | 0 | |a slo | |
| 044 | |a SK | ||
| 245 | 1 | 0 | |a Sociálne zabezpečenie |b (aplikačné praktikum) |c Darina Wolfová a kolektív |
| 264 | 1 | |a Bratislava |b Vydavateľstvo EKONÓM |c 2008 | |
| 300 | |a 125 s. | ||
| 610 | 2 | 0 | |a zabezpečenie sociálne |
| 610 | 2 | 0 | |a poistné |
| 610 | 2 | 0 | |a poisťovne sociálne |
| 610 | 2 | 0 | |a poistenie nemocenské |
| 610 | 2 | 0 | |a zabezpečenie dôchodkové |
| 610 | 2 | 0 | |a poistenie úrazové |
| 610 | 2 | 0 | |a podpory |
| 610 | 2 | 0 | |a pomoc sociálna |
| 100 | 1 | |a Wolfová, Darina | |
| 700 | 1 | |a Ošková, Silvia, 1979- | |
| 700 | 1 | |a Pechová, Michaela, 1977- | |
| 700 | 1 | |a Pongráczová, Eva, 1971- | |
| 710 | 2 | |a Ekonomická univerzita v Bratislave. Národohospodárska fakulta | |